Normal view
MARC view
Entry Personal Name
001 - CONTROL NUMBER
- control field: 81859
003 - CONTROL NUMBER IDENTIFIER
- control field: dpl
005 - DATE AND TIME OF LATEST TRANSACTION
- control field: 20250610154128.0
008 - FIXED-LENGTH DATA ELEMENTS
- fixed length control field: 250610|| aca||aabn | a|a d
040 ## - CATALOGING SOURCE
- Original cataloging agency: dpl
- Transcribing agency: dpl
100 ## - HEADING--PERSONAL NAME
- Personal name: Copernicus, Saritha
670 ## - SOURCE DATA FOUND
- Source citation: Work cat.: (dpl)211710: Veluri, Sarma V.S. 81856, Entrepreneurial Development and Business Ethics/, 2017
